9-Darter bei der PDC Darts Weltmeisterschaft - Statistiken

Allgemein
  • Dieses Quiz wurde 1.200 mal gespielt
    665 seit der letzten Aktualisierung
  • Das Durchschnittsergebnis liegt bei 12 aus 16
Antwortstatistiken
Jahr Runde Gegner Nationalität Spieler % Korrekt
2013 Halbfinale James Wade Niederlande Michael van Gerwen
95%
2023 Finale Michael van Gerwen England Michael Smith
94%
2022 Viertelfinale Michael Smith Wales Gerwyn Price
88%
2016 Halbfinale Jelle Klaasen Schottland Gary Anderson
87%
2025 3. Runde Luke Woodhouse Australien Damon Heta
86%
2009 Viertelfinale Jelle Klaasen Niederlande Raymond van Barneveld
84%
2010 2. Runde Brendan Dolan Niederlande Raymond van Barneveld
84%
2014 1. Runde Ian White Australien Kyle Anderson
81%
2011 Finale Gary Anderson England Adrian Lewis
74%
2015 3. Runde Raymond van Barneveld England Adrian Lewis
74%
2022 1. Runde Mike De Decker Litauen Darius Labanauskas
73%
2021 3. Runde Stephen Bunting England James Wade
70%
2022 1. Runde Bradley Brooks Schottland William Borland
62%
2025 1. Runde Madars Razma Niederlande Christian Kist
59%
2013 2. Runde Vincent van der Voort England Dean Winstanley
24%
2014 1. Runde Per Laursen England Terry Jenkins
23%
Keine übereinstimmenden Quizze gefunden
Verteilung der Resultate
Anzahl Personen mit jedem Resultat
Perzentil nach korrekt beantworteten Fragen
Ihre Resultats-Entwicklung
Sie haben dieses Quiz seit der letzten Aktualisierung nicht gespielt